| 000 | 00739nam a2200181 a 4500 | ||
|---|---|---|---|
| 003 | 0 | ||
| 005 | 20250528112355.0 | ||
| 008 | 021122s19uu xx 00 eng d | ||
| 050 |
_aPHS GV 1101 _b.F66 2002 |
||
| 100 | _aFonseca, Bryan E. | ||
| 245 |
_aA Comparative study on the perceptions among children, teenagers, and adults of Alabang South Village towards the different form of Martial arts / _cBryan E. Fonseca. |
||
| 260 |
_aLas PiƱas City, Philippines : _bSouthville International School and Colleges, _c2002. |
||
| 300 |
_a43 pages : _billustrations ; _c28 cm. |
||
| 504 | _aIncludes bibliographical references. | ||
| 650 |
_aMartial arts _xSocial aspects _zPhilippines. |
||
| 650 |
_aPerception _zPhilippines. |
||
| 942 |
_2lcc _cPASS |
||
| 999 |
_c96703 _d96703 |
||